Artisti Sanremo 2025 - Statistics

Statistiche generali
  • Questo quiz è stato fatto 227 volte
  • Il punteggio medio è 16 su 29
Statistiche sulle risposte
Risposta % Corretto
olly
94%
fedez
84%
giorgia
82%
lucio corsi
81%
achille lauro
80%
marcella bella
73%
simone cristicchi
73%
brunori sas
72%
elodie
68%
tony effe
58%
sarah toscano
57%
clara
56%
massimo ranieri
55%
irama
54%
the kolors
54%
rkomi
53%
noemi
51%
bresh
50%
rose villain
49%
coma cose
47%
gaia
47%
serena brancale
47%
modà
45%
shablo
44%
francesca michielin
40%
francesco gabbani
37%
joan thiele
32%
rocco hunt
31%
willie peyote
31%
Nessun quiz corrispondente trovato
Distribuzione punteggi
Percentuale di utenti per punteggio
Percentile per numero di risposta
I tuoi punteggi nel tempo
Non hai fatto questo quiz